David Hume (Record no. 81269)

MARC details
000 -LEADER
campo de control de longitud fija 00782nam a2200217 i 4500
001 - NÚMERO DE CONTROL
campo de control 81269
003 - IDENTIFICADOR DE NÚMERO DE CONTROL
campo de control ES-MaACL
005 - FECHA Y HORA DE LA ÚLTIMA TRANSACCIÓN
campo de control 20250708063323.0
007 - CAMPO FIJO DE DESCRIPCIÓN FÍSICA--INFORMACIÓN GENERAL
campo de control de longitud fija t|
008 - DATOS DE LONGITUD FIJA--INFORMACIÓN GENERAL
campo de control de longitud fija 041103s1939 ag ||||1| spa d
100 1# - ENTRADA PRINCIPAL--NOMBRE DE PERSONA
Nombre de persona Hume, David,
Fechas asociadas al nombre 1711-1776
9 (RLIN) 64719
245 10 - MENCIÓN DEL TÍTULO
Título David Hume
Resto del título : selección de textos /
Mención de responsabilidad, etc. precedidos de un estudio de L[ucien] Levy Bruhl ; traducción y notas de Leon Dujovne.
260 ## - PUBLICACIÓN, DISTRIBUCIÓN, ETC.
Lugar de publicación, distribución, etc. Buenos Aires :
Nombre del editor, distribuidor, etc. Edit. Sudamericana,
Fecha de publicación, distribución, etc. [1939] (
Fabricante Linari y Cia)
300 ## - DESCRIPCIÓN FÍSICA
Extensión 175 p. ;
Dimensiones 18 cm.
490 1# - MENCIÓN DE SERIE
Mención de serie Breviarios del pensamiento filosófico
700 1# - ENTRADA AGREGADA--NOMBRE PERSONAL
Nombre de persona Lévy-Bruhl, Lucien.
9 (RLIN) 72014
700 1# - ENTRADA AGREGADA--NOMBRE PERSONAL
Nombre de persona Dujovne, León.
9 (RLIN) 45953
830 0# - PUNTO DE ACCESO ADICIONAL DE SERIE-TÍTULO UNIFORME
Título uniforme Breviarios del pensamiento filosófico
9 (RLIN) 184276
852 ## - LOCALIZACIÓN
Ubicación ES-MaACL
Número de control de estantería F-6138
Sublocalización o colección R.23415
Holdings
Estatus retirado Estado de pérdida Estado de daño No para préstamo Biblioteca de origen Biblioteca actual Ubicación en estantería Fecha de adquisición Fuente de adquisición Total de préstamos Signatura topográfica completa Código de barras Visto por última vez Precio de reemplazo Tipo de ítem Koha
        Biblioteca del Ateneo de Madrid Biblioteca del Ateneo de Madrid Depósito 2 17/01/2008     F-6138 1084957 23/02/2023 23/02/2023 Libro impreso